đź“– 150 premiers mots "L'arrache-coeur" Boris Vian - Statistiques

Statistiques générales
  • Ce quiz a Ă©tĂ© pris 32 fois
  • Le rĂ©sultat moyen est 64 sur 150
Statistiques - réponses
Mots % Correct
A
96%
Ă 
96%
l'
93%
c'
89%
la
89%
Le
89%
le
89%
d'
85%
et
85%
s'
85%
S'
85%
de
81%
se
81%
Il
78%
les
78%
un
78%
une
78%
Des
74%
des
74%
était
70%
dans
63%
Du
63%
du
63%
en
59%
En
59%
qui
59%
au
52%
sans
52%
sur
52%
coeur
48%
Jacquemort
48%
sous
48%
très
48%
brouillouses
44%
comme
44%
peu
44%
tout
41%
calamines
37%
petits
37%
puis
37%
fleur
33%
avaient
30%
dont
30%
pied
26%
rouge
26%
feuilles
22%
pieds,
22%
Pris
22%
sol.
22%
sol
22%
soleil.
22%
bas,
19%
Cela
19%
morte
19%
pétales
19%
mille
15%
nuage
15%
trous ;
15%
chaque
11%
juillet.
11%
loin,
11%
presser
11%
vide.
11%
abeilles
7%
battait
7%
bruit
7%
creux
7%
écume
7%
élevait,
7%
élevait
7%
falaise.
7%
falaise
7%
insectes
7%
lent
7%
pulsation,
7%
regardait
7%
roches
7%
séparait
7%
vagues.
7%
agenouilla ...
4%
agitées
4%
algue
4%
arrĂŞtant,
4%
avançait
4%
bordé
4%
braisée.
4%
creusé
4%
Distraites,
4%
doux
4%
éponge
4%
étroit
4%
froid.
4%
gelée
4%
jonchaient
4%
longeait
4%
noircis
4%
passées
4%
pencha
4%
pic,
4%
pointus
4%
pollen
4%
rauque
4%
rebord
4%
retombait
4%
sentait
4%
sentier
4%
sombre
4%
tremblait
4%
tremblement.
4%
vaquaient.
4%
vertige,
4%
Aucun quiz correspondant
Distribution des résultats
% des personnes avec chaque résultat
Percentile par nombre de réponses
Votre historique - résultats
Vous n’avez pas pris ce quiz